Britney Spears songs by album - Statistics

General Stats
  • This quiz has been taken 275 times
    256 since last reset
  • The average score is 69 of 140
Answer Stats
Britney Spears Answer % Correct
...BABY ONE MORE TIME Baby One More Time
96%
CIRCUS (Japanese Bonus) Amnesia
94%
CIRCUS (German Bonus) Rock Boy
94%
CIRCUS (iTunes Pre-Order Bonus) Trouble
94%
OOPS!...I DID IT AGAIN Oops I Did It Again
92%
Circus
89%
BLACKOUT (Japanese Bonus) Outta This World
88%
Toxic
88%
FEMME FATALE (Japanese Bonus) Scary
86%
CIRCUS Womanizer
86%
(You Drive Me) Crazy
85%
BLACKOUT Gimme More
84%
BRITNEY I'm A Slave 4 U
81%
Lucky
80%
Sometimes
79%
Stronger
77%
IN THE ZONE Me Against The Music
76%
Hold It Against Me
75%
If U Seek Amy
75%
I Wanna Go
75%
Piece Of Me
75%
FEMME FATALE Till The World Ends
75%
Everytime
74%
Overprotected
72%
Work Bitch
72%
GLORY (Japanese Bonus) Mood Ring
71%
| CIRCUS (Bonus) Radar
70%
I'm Not A Girl, Not Yet A Woman
69%
From The Bottom Of My Broken Heart
68%
Boys
67%
Coupure Electrique
67%
Criminal
67%
Make Me
67%
Break The Ice
66%
Born To Make You Happy
64%
Soda Pop
64%
Perfume
63%
Breathe On Me
62%
I Love Rock N Roll
62%
Email My Heart
61%
Outrageous
61%
Don't Let Me Be The Last To Know
60%
Slumber Party
58%
Hot As Ice
57%
Freakshow
56%
BRITNEY JEAN Alien
54%
Anticipating
54%
Touch Of My Hand
54%
Toy Soldier
54%
Cinderella
53%
Kill The Lights
53%
Dear Diary
52%
Shadow
52%
What U See (Is What You Get)
52%
(I Can't Get No) Satisfaction
51%
Get Naked (I Got A Plan)
50%
(I Got That) Boom Boom
50%
Heaven On Earth
49%
Ooh Ooh Baby
48%
Shattered Glass
48%
Beat Goes On
47%
Bombastic Love
47%
Lonely
47%
Mannequin
47%
The Hook Up
47%
Why Should I Be Sad
47%
Big Fat Bass
46%
Showdown
46%
Autumn Goodbye
45%
Don't Go Knocking On My Door
45%
I Will Be There
45%
Lace And Leather
45%
Out From Under
45%
Early Mornin
44%
(Drop Dead) Beautiful
43%
Mmm Papi
43%
Perfect Lover
43%
Brave New Girl
41%
Inside Out
41%
Blur
39%
Can't Make You Love Me
39%
BLACKOUT (Japanese & iTunes Bonus) Everybody
39%
Get Back
39%
GLORY Invitation
39%
My Baby
39%
Tik Tik Boom
39%
FEMME FATALE (Deluxe) Up N Down
39%
What It's Like To Be Me
39%
How I Roll
38%
Unusual You
38%
Body Ache
37%
Chillin With You
37%
Gasoline
36%
Man On The Moon
36%
Selfish
36%
Do You Wanna Come Over
35%
Trouble For Me
35%
Change Your MInd (No Seas Cortes)
34%
Liar
34%
Private Show
34%
Seal It With A Kiss
34%
It Should Be Easy
33%
Just Luv Me
33%
Let Me Be
33%
Passenger
33%
IN THE ZONE bonus The Answer
33%
Before The Goodbye
32%
Clumsy
32%
Deep In My Heart
32%
He About To Lose Me
32%
I Will Still Love You
32%
Phonography
32%
That's Where You Take Me
32%
BRITNEY JEAN (Deluxe) Brightest Morning Star
30%
Don't Keep Me Waiting
30%
Just Like Me
30%
Love Me Down
30%
One Kiss From You
30%
Thinkin About You
30%
Trip To Your Heart
30%
When Your Eyes Say It
30%
Don't Hang Up
28%
GLORY (Deluxe) Better
27%
CIRCUS (European & Deluxe) Rock Me In
27%
Where Are You Now
27%
CIRCUS (European & iTunes Deluxe) Quicksand
26%
Till It's Gone
26%
Don't Cry
25%
If I'm Dancing
25%
Now That I Found You
25%
What You Need
25%
Hold On Tight
24%
OOPS!...I DID IT AGAIN bonus Girl In The Mirror
23%
BABY ONE MORE TIME (IBonus) I'll Never Stop Loving You
23%
BRITNEY bonus When I Found You
23%
Hard To Forget Ya
20%
You Got It All
16%
I've Just Begun (Having My Fun)
7%
Intimidated
3%
No matching quizzes found
Score Distribution
Percent of People with Each Score
Percentile by Number Answered
Your Score History
You have not taken this quiz since the last reset